|
|
|
|
| LEADER |
00000nam a22000007a 4500 |
| 005 |
20210905160128.0 |
| 007 |
cr|||| |||| |
| 008 |
210905s2020 eu |||||s|||| 00||0 eng d |
| 020 |
|
|
|a 978-92-846-7550-0
|
| 035 |
|
|
|a 34673
|
| 040 |
|
|
|a vLex
|
| 090 |
|
|
|c 12258
|d 12258
|
| 100 |
1 |
|
|a Panella, Lauro
|
| 245 |
1 |
0 |
|a Challenges facing sports event organisers in the digital environment
|h [Recurso electrn̤ico] :
|b European added value assessment /
|c Lauro Panella
|
| 256 |
|
|
|a Servicio en ln̕ea
|
| 260 |
|
|
|a Bruselas:
|b European Union Publications Office,
|c 2020
|
| 300 |
|
|
|a 1 recurso electrn̤ico
|
| 500 |
|
|
|a Piracy of online broadcast of sports events is a problem in the EU. No action at EU level in this field would lead to additional burdens on economic operators and would hamper completion of the Digital Single Market. This European Added Value Assessment (EAVA) looks at the existing EU legislation and checks if it provides sports events organizers and their licensees with an adequate level of protection against this risk. It also presents potential EU level action that could help solve the problem and estimates economic benefits of addressing the problem.
|
| 506 |
1 |
|
|a Disponible solo en los productos indicados
|d vLex Global
|d vLex Global (Academic Edition, excluding Law Schools)
|d vLex Global (U.S. Academic Edition, Law Schools)
|d vLex Global (U.S. Academic Edition, excluding Law Schools)
|d vLex Global (Academic Edition, Law Schools)
|
| 650 |
0 |
4 |
|a Deporte
|z Unin̤ Europea
|
| 740 |
0 |
|
|a vLex Libros (Servicio en ln̕ea)
|
| 856 |
4 |
0 |
|u https://app.vlex.com/#/sources/34673
|z Acceso restringido
|
| 942 |
|
|
|c BOOK
|
| 999 |
0 |
|
|a Sport
|